Koh lanta la légende - Statistiques

Statistiques générales
  • Ce quiz a été pris 421 fois
  • Le résultat moyen est 17 sur 21
Statistiques - réponses
Hint Réponse % Correct
3 Claude
99%
10 Laurent
91%
8 Sam
90%
5 Clémence
88%
4 Ugo
86%
11 Loïc
82%
21 Coumba
81%
14 Phil (Philippe)
81%
18 Teheiura
80%
13 Alexandra
79%
9 Jade
79%
12 Clémentine
78%
2 Freddy
78%
6 Maxime
73%
19 Karima
72%
16 Alix
71%
1 Candice
71%
7 Cindy
71%
15 Namadia
69%
17 Patrick
69%
20 Christelle
68%
Aucun quiz correspondant
Distribution des résultats
% des personnes avec chaque résultat
Percentile par nombre de réponses
Votre historique - résultats
Vous n’avez pas pris ce quiz